| 000 | 00344cam a22001337a 4500 | ||
|---|---|---|---|
| 008 | 180718b1939 xxu||||| |||| 00| 0 eng d | ||
| 082 | _aB253 C258 | ||
| 100 | _aCary, Joyce | ||
| 245 |
_aPower in men _cby Joyce Cary |
||
| 260 |
_aLondon _bNicholson & Watson _c1939 |
||
| 300 | _a281p. | ||
| 650 | _aPower (Social Sciences) | ||
| 650 | _aDemocracy | ||
| 999 |
_c361762 _d361762 |
||